000 00362 a2200169 4500
001 73171
020 _a8532230121
040 _cAnchieta - Colégio São Paulo
100 _aFerreira, José Roberto Martins
240 1 0 _aHistória
_lpor
245 1 0 _aHistória
300 _a
362 0 _a0
440 1 _aFTD
650 4 _aHistória do mundo
942 _cBK
999 _c73171
_d73171